On This Day: July 26th Quiz Stats

 Plays Quiz Updated Jul 26, 2017

Support Sporcle.
Go Orange.
Score 0/7 Timer 03:00
11 Plays Today
Question Answer Wrong Answers
The Americans with ______ Act of 1990 is signed into law by President George Bush.
1990
Disabilities
88%
Impairments
4.2%
Chronic Illness
1.9%
Ailments
2.3%
This animated film by Walt Disney, which is based on a book by Lewis Carroll, premieres in London, England.
1951
Alice in Wonderland
87.4%
Bambi
2.8%
Cinderella
3.9%
Lady and the Tramp
3.2%
Following the World Bank's refusal to fund building the Aswan Dam, Egyptian leader Gamal Abdel Nasser nationalizes this, sparking international condemnation.
1956
Suez Canal
85.7%
Red Sea
4.8%
Dead Sea
3.8%
Port Said
2.3%
This American actor, who won an Academy Award for Best Actor for his role in ‘American Beauty’, is born.
1959
Kevin Spacey
82.2%
Al Pacino
3.7%
Jack Nicholson
4%
Kevin Bacon
6.6%
The ______ Party wins the United Kingdom general election by a landslide, removing Winston Churchill from power.
1945
Labour
79.6%
Conservative
15.4%
Green
2.6%
Co-operative
1.1%
President Harry S. Truman signs Executive Order 9981, which desegregates the ______.
1948
Military
78.2%
CIA
7.5%
FBI
7.3%
DEA
5%
‘Unua Libro’ is published. It is the first publication to describe this, then called the International Language.
1887
Esperanto
74.3%
Volapük
1.5%
Occidental
6.2%
Pig Latin
17.9%

You're not logged in!

Compare scores with friends on all Sporcle quizzes.
OR
Log In
Forgot?

From the Vault

One Subcategory in 15 Categories - Bands

by MrWhiplash

Brian May has a PhD in astrophysics and he's not even in the science question.
Remove Ads.
Support Sporcle.
Get the best of Sporcle when you Go Orange. This ad-free experience offers more features, more stats, and more fun while also helping to support Sporcle. Thank you for becoming a member.

Show Comments

Extras

Top Quizzes Today


Score Distribution

Your Account Isn't Verified!

In order to create a playlist on Sporcle, you need to verify the email address you used during registration. Go to your Sporcle Settings to finish the process.

Report this User

Report this user for behavior that violates our Community Guidelines.

Details: